000
00301nam a22001217a 4500
008
170204b xxu||||| |||| 00| 0 eng d
041
_a
eng
080
_a
61
100
_a
3
101
_a
SHM
245
_a
FUTURE OF A CONSEQUENCE/ THE MANAGER'S ROLE IN HEALTH SERVICES
_c
FILERMAN, G.L
942
_2
udc
_c
BK
999
_c
4648
_d
4648